| 000 | 01870cab a2200253 ab4500 | ||
|---|---|---|---|
| 005 | 20240814134327.0 | ||
| 008 | 991125c2015 cr tr p o 000 0 spa d | ||
| 035 | _aUPN01000226766 | ||
| 040 |
_aMX-MxUPN _bspa _cMX-MxUPN _eaacr2 |
||
| 049 | _aART-E | ||
| 100 | 1 |
_aRojas Escobar, Diego Edgardo _6- diego.rojas94@hotmail.com |
|
| 245 | 1 | 0 |
_aConstrucción de gobernabilidad a partir de la experiencia de los consejos municipales de juventud del centro oriente colombiano: un estudio de caso _h[recurso electrónico en línea] |
| 506 | 0 | _aAcceso abierto | |
| 520 | 3 | _aEste trabajo de investigación presenta los resultados de un estudio de caso en el centro oriente colombiano, en donde a partir de la normatividad vigente y no vigente, se realizó un acercamiento a la experiencia de los Consejos Municipales de Juventud (CMJ’s) de los municipios de Tunja y Paipa, permitiendo conocer escenarios de participación, procesos y dinámicas que han coadyuvado a la construcción de gobernabilidad. La investigación se desarrolla a partir de un diálogo entre los referentes legales y teóricos, así como desde la dinámica que ha caracterizado a los Consejos Municipales de Juventud en las administraciones departamentales y municipales correspondientes al periodo comprendido entre 2006 y 2013, permitiendo posteriormente realizar un análisis al nuevo estatuto de juventud. Se aplica, entre otras técnicas de investigación, el análisis de archivo de fuentes. Educare | |
| 653 | 0 | _aGobernabilidad | |
| 653 | 0 | _aParticipación juvenil | |
| 653 | 0 | _aColombia | |
| 773 |
_gVol. 19, no. 3, (2015), p. 1-31 _tRevista electrónica educare _x1409-4258 |
||
| 856 | 4 | _uhttps://www.revistas.una.ac.cr/index.php/EDUCARE/article/view/6875 | |
| 856 | 4 | _uhttp://dx.doi.org/10.15359/ree.19-3.12 | |
| 902 | _aLeonor Sotres/140824 | ||
| 905 | _aArticulo | ||
| 942 | _cART-E | ||
| 999 |
_c198862 _d198862 |
||